000 01078cam a22002771 4500
001 e 33001075
003 DLC
005 20260227111223.0
008 820920s1923 wvuaf b s000 0 eng c
010 _ae 33001075
035 _a(OCoLC)8788139
040 _aU.S.Off.of Educ. Library
_cDNIE
_dDLC
042 _apremarc
043 _an-us-wv
050 0 0 _aGV361
_b.W4 1932
082 _a613.71
110 1 _aWest Virginia.
_bState Department of Education.
245 0 0 _aManual of physical education for elementary schools;
_cprescribed by the State board of education, state of West Virginia. Revised by Arthur V.G. Upton, state director of physical education under direction of William C. Cook, state superintendent of free schools. 1932 ...
260 _a[Charleston,
_c1932]
300 _a240 p.
_billus., col. pl., diagrs.
_c23 cm.
500 _aIncludes music.
504 _aBibliography: p. 236-237.
650 0 _aPhysical education and training
_zWest Virginia.
700 1 _aUpton, Arthur Van Gorder.
710 1 _aWest Virginia.
_bState Board of Education.
999 _c21317
_d21317